Where is This? - Statistics

General Stats
  • This quiz has been taken 25 times
  • The average score is 35 of 43
Answer Stats
Hint Answer % Correct
Beijing Asia
94%
Iran Asia
94%
Ho Chi Minh City Asia
94%
Stonehenge Europe
94%
Uruguay South America
94%
Sahara Desert Africa
88%
Congo River Africa
88%
The continent with the most amount of pengiuns Antarctica
88%
Mekong River Asia
88%
Albania Europe
88%
Eiffel Tower Europe
88%
Barcelona Europe
88%
Poland Europe
88%
Danube River Europe
88%
Maine North America
88%
Panama North America
88%
Golden Gate Bridge North America
88%
Fiji Oceania
88%
Samoa Oceania
88%
Sydney Opera House Oceania
88%
São Paulo South America
88%
Amazon Rainforest South America
88%
Amazon River South America
88%
Somalia Africa
82%
Cape Town Africa
82%
Nile River Africa
82%
Mt. Fuji Asia
82%
Java Island Asia
82%
Uttar Pradesh Asia
82%
England Europe
82%
Havana North America
82%
Auckland Oceania
82%
Palau Oceania
82%
Casablanca Africa
76%
New South Wales Oceania
76%
Andes Mountain Range South America
76%
Suriname South America
76%
Martinique North America
65%
Atacama Desert South America
65%
Victoria Falls
Africa
59%
Baffin Island North America
53%
Denali North America
53%
Bougainville Island Oceania
53%
No matching quizzes found
Score Distribution
Percent of People with Each Score
Percentile by Number Answered
Your Score History
You have not taken this quiz